000 00597nam a2200229Ia 4500
003 OSt
005 20221006165033.0
006 a|||||r|||| 00| 0
007 ta
008 221006b |||||||| |||| 00| 0 eng d
024 _a2,367
037 _cTextual
040 _aFML
_cFML
_beng
041 _2eng
_aeng
082 _aNR5962, J5 -; 1
100 _aReeser Eduard Au.
_9678967
245 0 _aMusic in Holland
260 _aAmsterdam
_bMwulenhoff
_c1956
300 _a248
_ccm.
942 _hNR5962, J5 -; 1
_cTEXL
_2CC
999 _c1119378
_d1119378